[Event "XVII. DBMM Schach"]
[Site "Berlin"]
[Date "2017.11.03"]
[Round "4.2"]
[White "Hilbig, Olaf"]
[Black "Hortolani, Sven Holger"]
[Result "0-1"]
[WhiteElo "2167"]
[BlackElo "2149"]
[Annotator "hm"]
[PlyCount "74"]
[EventDate "2017.??.??"]
[EventType "team-swiss"]
[EventRounds "7"]
[EventCountry "GER"]
[SourceTitle "XVII. DBMM 2017"]
[Source "FV Schach e.V."]
[SourceDate "2018.05.26"]
[SourceVersion "1"]
[SourceVersionDate "2018.05.26"]
[SourceQuality "1"]
[WhiteTeam "Commerzbank Frankfurt"]
[BlackTeam "EKJ Herne und Wanne-Eickel"]
[WhiteTeamCountry "GER"]
[BlackTeamCountry "GER"]

1. Nc3 d5 2. e4 e6 3. Nf3 Nf6 4. e5 Nfd7 5. d4 c5 6. Bf4 Nc6 7. dxc5 Bxc5 8.
Bd3 f6 9. exf6 Nxf6 10. O-O O-O 11. Bg3 Bd6 12. Re1 Bxg3 13. hxg3 Ng4 14. Qd2
h6 15. Re2 Qf6 16. Rae1 Bd7 17. a3 Rac8 18. Rf1 Rcd8 19. Nh2 Nxh2 20. Kxh2 Nd4
21. Ree1 Qf7 22. Bh7+ Kxh7 23. Qxd4 Qg6 24. Re2 Bb5 25. Rfe1 Bxe2 26. Rxe2 Rc8
27. Kg1 b6 28. Qe5 Rf6 29. Nb5 Rxc2 30. Nxa7 Rc1+ 31. Re1 Qc2 32. Rxc1 Qxc1+
33. Kh2 Rxf2 34. Qxe6 Qd2 35. Nc6 Rxg2+ 36. Kh3 Rh2+ 37. Kg4 h5+ 0-1

[Event "XVII. DBMM Schach"]
[Site "Berlin"]
[Date "2017.11.03"]
[Round "4.3"]
[White "Leveikina, Jevgenija"]
[Black "Fischer, Alexander"]
[Result "0-1"]
[WhiteElo "2099"]
[BlackElo "2043"]
[Annotator "hm"]
[PlyCount "110"]
[EventDate "2017.??.??"]
[EventType "team-swiss"]
[EventRounds "7"]
[EventCountry "GER"]
[SourceTitle "XVII. DBMM 2017"]
[Source "FV Schach e.V."]
[SourceDate "2018.05.26"]
[SourceVersion "1"]
[SourceVersionDate "2018.05.26"]
[SourceQuality "1"]
[WhiteTeam "EKJ Herne und Wanne-Eickel"]
[BlackTeam "Commerzbank Frankfurt"]
[WhiteTeamCountry "GER"]
[BlackTeamCountry "GER"]

1. d4 d5 2. Nf3 Nf6 3. c4 c6 4. cxd5 cxd5 5. Nc3 Nc6 6. Bf4 a6 7. e3 e6 8. Bd3
Bd6 9. Bg3 Nb4 10. Bb1 Qc7 11. Qa4+ Bd7 12. Qxb4 Bxb4 13. Bxc7 Rc8 14. Bg3 Rxc3
15. bxc3 Bxc3+ 16. Ke2 Bxa1 17. Bd3 Bc3 18. Rb1 b5 19. Bd6 Ne4 20. Bxe4 dxe4
21. Nd2 Bxd2 22. Kxd2 Bc6 23. Rc1 $11 Kd7 24. Bb4 Bd5 25. a3 Bc4 26. Ba5 h5 27.
Bc3 h4 28. Bb4 h3 29. g3 f6 30. Bc3 Rc8 31. Bb4 Ke8 32. Ba5 Rc6 33. Bb4 Kf7 34.
Bc3 Kg6 35. Bb4 Kf5 36. Ke1 Kg4 37. Bf8 g6 38. Bg7 f5 39. Be5 Kf3 40. Rc2 a5
41. Bf4 b4 42. axb4 axb4 43. Kd2 b3 44. Rb2 Kxf2 45. Kc3+ Kf3 46. Rd2 Bd5+ 47.
Kb2 Ra6 48. Kc3 Ra2 49. Rxa2 bxa2 50. Kb2 Kg4 51. Bd6 g5 52. Be7 f4 53. gxf4
gxf4 54. exf4 Kxf4 55. Bd6+ Kf3 0-1

[Event "XVII. DBMM Schach"]
[Site "Berlin"]
[Date "2017.11.03"]
[Round "4.4"]
[White "Brauer, Frank"]
[Black "Selmanaj, Agim"]
[Result "1-0"]
[WhiteElo "1815"]
[BlackElo "1643"]
[Annotator "fb"]
[PlyCount "45"]
[EventDate "2017.??.??"]
[EventType "team-swiss"]
[EventRounds "7"]
[EventCountry "GER"]
[SourceTitle "XVII. DBMM 2017"]
[Source "FV Schach e.V."]
[SourceDate "2018.05.26"]
[SourceVersion "1"]
[SourceVersionDate "2018.05.26"]
[SourceQuality "1"]
[WhiteTeam "Commerzbank Frankfurt"]
[BlackTeam "EKJ Herne und Wanne-Eickel"]
[WhiteTeamCountry "GER"]
[BlackTeamCountry "GER"]

1. e4 g6 2. d4 Bg7 3. f4 e6 4. Nc3 b6 5. Nf3 Bb7 6. Bd3 Ne7 7. Be3 d5 8. e5 Nd7
9. O-O O-O 10. Ne2 c5 11. c3 c4 12. Bc2 b5 13. g4 h6 14. Ng3 Bc8 15. f5 exf5
16. gxf5 g5 17. f6 Bxf6 18. exf6 Nxf6 19. Ne5 Kg7 20. Nh5+ Nxh5 21. Qxh5 f6 22.
Bxg5 fxg5 23. Rf7+ 1-0

[Event "XVII. DBMM Schach"]
[Site "Berlin"]
[Date "2017.11.03"]
[Round "4.1"]
[White "Michel, Steffen"]
[Black "Domingo, Miguel"]
[Result "1-0"]
[WhiteElo "2237"]
[BlackElo "2184"]
[Annotator "hm"]
[PlyCount "87"]
[EventDate "2017.??.??"]
[EventType "team-swiss"]
[EventRounds "7"]
[EventCountry "GER"]
[SourceTitle "XVII. DBMM 2017"]
[Source "FV Schach e.V."]
[SourceDate "2018.05.26"]
[SourceVersion "1"]
[SourceVersionDate "2018.05.26"]
[SourceQuality "1"]
[WhiteTeam "Deutsche Bahn/BSW Berlin II"]
[BlackTeam "Europäisches Patentamt Muenchen"]
[WhiteTeamCountry "GER"]
[BlackTeamCountry "GER"]

1. d4 Nf6 2. Nc3 d5 3. Nf3 g6 4. Bf4 Bg7 5. e3 O-O 6. Be2 c5 7. O-O cxd4 8.
exd4 Nc6 9. Ne5 Bf5 10. Nxc6 bxc6 11. Na4 Nd7 12. c3 e5 13. Be3 Qe7 14. Re1
Rfe8 15. h3 Qd8 16. b4 a5 17. b5 cxb5 18. Bxb5 Be6 19. Nc5 Re7 20. Bxd7 Bxd7
21. dxe5 Rxe5 22. Bd4 Rxe1+ 23. Qxe1 Bc6 24. Qd2 Qd6 25. Rb1 Rb8 26. Rxb8+ Qxb8
27. Bxg7 Kxg7 28. Qd4+ Kg8 29. a4 Qb1+ 30. Kh2 Qf1 31. Qf6 Qc4 32. Qd4 f6 33.
Qe3 Bxa4 34. Qe6+ Kf8 35. Qxf6+ Ke8 36. Qh8+ Ke7 37. Qxh7+ Kf6 38. Qc7 Bc2 39.
Qd6+ Kf7 40. Qe6+ Kg7 41. Qe7+ Kg8 42. Ne6 Qxc3 43. Qf8+ Kh7 44. Ng5# 1-0

[Event "XVII. DBMM Schach"]
[Site "Berlin"]
[Date "2017.11.03"]
[Round "4.2"]
[White "Bohnhoff, Peter"]
[Black "Jauk, Wilhelm"]
[Result "0-1"]
[WhiteElo "2042"]
[BlackElo "2132"]
[Annotator "hm"]
[PlyCount "88"]
[EventDate "2017.??.??"]
[EventType "team-swiss"]
[EventRounds "7"]
[EventCountry "GER"]
[SourceTitle "XVII. DBMM 2017"]
[Source "FV Schach e.V."]
[SourceDate "2018.05.26"]
[SourceVersion "1"]
[SourceVersionDate "2018.05.26"]
[SourceQuality "1"]
[WhiteTeam "Europäisches Patentamt Muenchen"]
[BlackTeam "Deutsche Bahn/BSW Berlin II"]
[WhiteTeamCountry "GER"]
[BlackTeamCountry "GER"]

1. d4 d5 2. Nf3 c6 3. e3 Bf5 4. c4 e6 5. Nc3 Nd7 6. Be2 h6 7. O-O Ngf6 8. b3
Bd6 9. Bb2 O-O 10. a3 Rc8 11. b4 Bb8 12. Qb3 Qe7 13. Rfc1 Ne4 14. cxd5 cxd5 15.
Nxe4 Bxe4 16. Rxc8 Rxc8 17. Rc1 Rxc1+ 18. Bxc1 Qd6 19. g3 Qc6 20. Bd2 Bd6 21.
Qc3 Qxc3 22. Bxc3 Kf8 23. Kf1 Nb6 24. Nd2 Bc2 25. Bb2 Na4 26. Bc1 Nc3 27. Bf3
Ke7 28. Ke1 Kd7 29. Bb2 Na4 30. Bc1 Kc6 31. Bd1 Bxd1 32. Kxd1 Nc3+ 33. Kc2 Ne4
34. Nxe4 dxe4 35. Kb3 b5 36. Bd2 Kd5 37. Bc3 g5 38. Bd2 f5 39. h3 Bc7 40. Bc1
Bb6 41. Bd2 h5 42. Bc1 Bc7 43. Bd2 h4 44. Be1 g4 0-1

[Event "XVII. DBMM Schach"]
[Site "Berlin"]
[Date "2017.11.03"]
[Round "4.3"]
[White "Kuhne, Detlev"]
[Black "Bumes, Konrad"]
[Result "1-0"]
[WhiteElo "2136"]
[BlackElo "1933"]
[Annotator "hm"]
[PlyCount "45"]
[EventDate "2017.??.??"]
[EventType "team-swiss"]
[EventRounds "7"]
[EventCountry "GER"]
[SourceTitle "XVII. DBMM 2017"]
[Source "FV Schach e.V."]
[SourceDate "2018.05.26"]
[SourceVersion "1"]
[SourceVersionDate "2018.05.26"]
[SourceQuality "1"]
[WhiteTeam "Deutsche Bahn/BSW Berlin II"]
[BlackTeam "Europäisches Patentamt Muenchen"]
[WhiteTeamCountry "GER"]
[BlackTeamCountry "GER"]

1. c4 c6 2. Nc3 d5 3. d4 Nf6 4. Nf3 e6 5. e3 Bd6 6. Bd3 O-O 7. O-O Nbd7 8. e4
dxe4 9. Nxe4 Nxe4 10. Bxe4 Nf6 11. Bc2 Qc7 12. Bg5 Ng4 13. h3 Nh2 14. Nxh2
Bxh2+ 15. Kh1 Bf4 16. Qd3 f5 17. Bxf4 Qxf4 18. Qe3 Qxe3 19. fxe3 Bd7 20. e4
fxe4 21. Bxe4 Rxf1+ 22. Rxf1 Rf8 23. Bxh7+ 1-0

[Event "XVII. DBMM Schach"]
[Site "Berlin"]
[Date "2017.11.03"]
[Round "4.4"]
[White "Santos, Paulo"]
[Black "Klotzsche, Thomas"]
[Result "0-1"]
[WhiteElo "1817"]
[BlackElo "1941"]
[Annotator "hm"]
[PlyCount "80"]
[EventDate "2017.??.??"]
[EventType "team-swiss"]
[EventRounds "7"]
[EventCountry "GER"]
[SourceTitle "XVII. DBMM 2017"]
[Source "FV Schach e.V."]
[SourceDate "2018.05.26"]
[SourceVersion "1"]
[SourceVersionDate "2018.05.26"]
[SourceQuality "1"]
[WhiteTeam "Europäisches Patentamt Muenchen"]
[BlackTeam "Deutsche Bahn/BSW Berlin II"]
[WhiteTeamCountry "GER"]
[BlackTeamCountry "GER"]

1. e4 d6 2. Nc3 Nf6 3. g3 c6 4. Bg2 g6 5. d3 Bg7 6. f4 O-O 7. Nf3 b5 8. a3 Qb6
9. Qe2 Bb7 10. Be3 c5 11. Rb1 Nbd7 12. h3 a5 13. O-O b4 14. Na2 Qa6 15. Nc1
Rac8 16. Nb3 Nxe4 17. Qe1 Nef6 18. Nbd2 d5 19. Ne5 Nxe5 20. fxe5 Nd7 21. Bf4
Qb6 22. Nf3 e6 23. Kh1 Ba6 24. axb4 axb4 25. Qd2 c4 26. Ra1 cxd3 27. cxd3 Nc5
28. Be3 Qb5 29. Bxc5 Rxc5 30. Rfd1 Rfc8 31. Qf4 Bb7 32. Bf1 Qb6 33. Ra4 d4 34.
Bg2 Bxe5 35. Nxe5 Bxg2+ 36. Kxg2 Rxe5 37. Rda1 Rf5 38. Qe4 Rc2+ 39. Kg1 Qc5 40.
Qe1 Rxb2 0-1

[Event "XVII. DBMM Schach"]
[Site "Berlin"]
[Date "2017.11.03"]
[Round "4.2"]
[White "Hein, Ralf"]
[Black "Lau, Peter"]
[Result "1/2-1/2"]
[WhiteElo "2045"]
[BlackElo "1743"]
[Annotator "hm"]
[PlyCount "132"]
[EventDate "2017.??.??"]
[EventType "team-swiss"]
[EventRounds "7"]
[EventCountry "GER"]
[SourceTitle "XVII. DBMM 2017"]
[Source "FV Schach e.V."]
[SourceDate "2018.05.26"]
[SourceVersion "1"]
[SourceVersionDate "2018.05.26"]
[SourceQuality "1"]
[WhiteTeam "Baubehoerde Hamburg"]
[BlackTeam "Sparkassen-Vers. Stuttgart II"]
[WhiteTeamCountry "GER"]
[BlackTeamCountry "GER"]

1. c4 f5 2. Nc3 Nf6 3. Nf3 g6 4. d4 Bg7 5. Bf4 d6 6. d5 O-O 7. e3 Kh8 8. Be2 e5
9. dxe6 Bxe6 10. Nd4 Bf7 11. Qb3 Nc6 12. Nxc6 bxc6 13. O-O Rb8 14. Qc2 Qe7 15.
Rad1 Ne4 16. Na4 g5 17. Bg3 Nxg3 18. hxg3 Bg6 19. Bd3 Rf6 20. Rfe1 Rbf8 21. Nc3
Re6 22. Qd2 Re8 23. Ne2 Bf6 24. Kf1 Qg7 25. b3 c5 26. Qc2 Re5 27. Ng1 Qd7 28.
g4 fxg4 29. Bxg6 hxg6 30. Qxg6 Qf5 31. Qxf5 Rxf5 32. g3 Kg7 33. Rd3 Be5 34. Kg2
Ref8 35. Rf1 Kg6 36. Rd5 R5f7 37. f4 gxf3+ 38. Rxf3 g4 39. Rxf7 Rxf7 40. Rd2
Rf8 41. Rf2 Rxf2+ 42. Kxf2 Kf5 43. Ne2 c6 44. Nf4 Bxf4 45. exf4 d5 $11 46. Ke3
d4+ 47. Kd3 a5 48. a3 Ke6 49. Ke4 Kf6 50. f5 Kg5 51. Ke5 d3 52. f6 d2 53. f7
d1=Q 54. f8=Q Qd4+ 55. Ke6 Qe3+ 56. Kd7 Qxg3 57. Qxc5+ Kh4 58. Qxc6 Qxb3 59. c5
Qf7+ 60. Kc8 Qf8+ 61. Kb7 Qe7+ 62. Ka6 g3 63. Kxa5 Qe1+ 64. Kb6 Qb1+ 65. Ka7
Qh7+ 66. Kb6 Qb1+ 1/2-1/2

[Event "XVII. DBMM Schach"]
[Site "Berlin"]
[Date "2017.11.03"]
[Round "4.3"]
[White "Wirth, Volker"]
[Black "Buchholz, Robert"]
[Result "0-1"]
[WhiteElo "1738"]
[BlackElo "1961"]
[Annotator "hm"]
[PlyCount "90"]
[EventDate "2017.??.??"]
[EventType "team-swiss"]
[EventRounds "7"]
[EventCountry "GER"]
[SourceTitle "XVII. DBMM 2017"]
[Source "FV Schach e.V."]
[SourceDate "2018.05.26"]
[SourceVersion "1"]
[SourceVersionDate "2018.05.26"]
[SourceQuality "1"]
[WhiteTeam "Sparkassen-Vers. Stuttgart II"]
[BlackTeam "Baubehoerde Hamburg"]
[WhiteTeamCountry "GER"]
[BlackTeamCountry "GER"]

1. e4 d5 2. exd5 Nf6 3. Nc3 Nxd5 4. d4 Nxc3 5. bxc3 e5 6. d5 c6 7. c4 cxd5 8.
Qxd5 Bb4+ 9. Bd2 Bxd2+ 10. Qxd2 Qf6 11. Rd1 O-O 12. Be2 Nc6 13. Nf3 Bf5 14. O-O
Rfd8 15. Qc3 Nd4 16. Nxd4 exd4 17. Qb3 Be4 18. Bd3 Bc6 19. Rfe1 Re8 20. Qa3 Qg5
21. Bf1 Rxe1 22. Rxe1 Qg6 23. Qd3 Rd8 24. Qxg6 hxg6 25. f4 Kf8 26. Kf2 Rd6 27.
g3 b6 28. Bd3 Bd7 29. a3 Be6 30. Kf3 Rc6 31. Ke4 Bxc4 32. Kxd4 Bxd3 33. Kxd3
Rc5 34. Re4 Rd5+ 35. Rd4 Ra5 36. a4 Ke7 37. c3 Ke6 38. h4 Kf5 39. Rd7 Ke6 40.
Rd4 Kf5 41. Rd7 f6 42. Rxg7 Rxa4 43. g4+ Kxg4 44. Rxg6+ Kf5 45. h5 Rxf4 0-1

[Event "XVII. DBMM Schach"]
[Site "Berlin"]
[Date "2017.11.03"]
[Round "4.4"]
[White "Kaliski, Achim"]
[Black "Brethauer, Tim"]
[Result "1-0"]
[WhiteElo "1947"]
[BlackElo "1641"]
[Annotator "hm"]
[PlyCount "63"]
[EventDate "2017.??.??"]
[EventType "team-swiss"]
[EventRounds "7"]
[EventCountry "GER"]
[SourceTitle "XVII. DBMM 2017"]
[Source "FV Schach e.V."]
[SourceDate "2018.05.26"]
[SourceVersion "1"]
[SourceVersionDate "2018.05.26"]
[SourceQuality "1"]
[WhiteTeam "Baubehoerde Hamburg"]
[BlackTeam "Sparkassen-Vers. Stuttgart II"]
[WhiteTeamCountry "GER"]
[BlackTeamCountry "GER"]

1. e4 e6 2. d4 d5 3. exd5 exd5 4. Bd3 Nf6 5. Bf4 Bd6 6. Ne2 Bg4 7. f3 Bh5 8.
O-O O-O 9. Qd2 Bxf4 10. Nxf4 Bg6 11. Nc3 c6 12. Rfe1 Qb6 13. Bxg6 hxg6 14. Na4
Qc7 15. Nc5 Re8 16. Rxe8+ Nxe8 17. Re1 Nf6 18. Nh3 Na6 19. Nd3 Qd6 20. Ng5 Nc7
21. Ne5 Rf8 22. Qf2 Nh7 23. Nxh7 Kxh7 24. g4 Ne6 25. f4 f6 26. Qh4+ Kg8 27.
Nxg6 Kf7 28. Nxf8 Qxf8 29. f5 Ng5 30. Qh5+ Kg8 31. Re8 Nh3+ 32. Kf1 1-0

[Event "XVII. DBMM Schach"]
[Site "Berlin"]
[Date "2017.11.03"]
[Round "4.1"]
[White "Achermann, Didier"]
[Black "Prange, Stefan"]
[Result "0-1"]
[WhiteElo "1811"]
[BlackElo "2180"]
[Annotator "hm"]
[PlyCount "54"]
[EventDate "2017.??.??"]
[EventType "team-swiss"]
[EventRounds "7"]
[EventCountry "GER"]
[SourceTitle "XVII. DBMM 2017"]
[Source "FV Schach e.V."]
[SourceDate "2018.05.26"]
[SourceVersion "1"]
[SourceVersionDate "2018.05.26"]
[SourceQuality "1"]
[WhiteTeam "Europäisches Patentamt Muenchen II"]
[BlackTeam "Gardez Robe Berlin"]
[WhiteTeamCountry "GER"]
[BlackTeamCountry "GER"]

1. e4 c5 2. Nf3 e6 3. d4 cxd4 4. Nxd4 Nf6 5. Nc3 Nc6 6. Nb3 Bb4 7. Bd3 d5 8.
exd5 exd5 9. O-O O-O 10. Nb5 Bg4 11. Be2 Bxe2 12. Qxe2 Re8 13. Qd1 h6 14. Bf4
a6 15. N5d4 Qd7 16. c3 Bf8 17. Qd3 Re4 18. Bg3 Ne5 19. Bxe5 Rxe5 20. Rad1 b5
21. a3 Bd6 22. Nf3 Rh5 23. Rfe1 Rc8 24. Nbd4 Qg4 25. Qf1 Ne4 26. Ne2 Bxh2+ 27.
Nxh2 Qh4 0-1

[Event "XVII. DBMM Schach"]
[Site "Berlin"]
[Date "2017.11.03"]
[Round "4.2"]
[White "Humke, Andreas"]
[Black "Junker, Carsten"]
[Result "1-0"]
[WhiteElo "1961"]
[BlackElo "1715"]
[Annotator "hm"]
[PlyCount "85"]
[EventDate "2017.??.??"]
[EventType "team-swiss"]
[EventRounds "7"]
[EventCountry "GER"]
[SourceTitle "XVII. DBMM 2017"]
[Source "FV Schach e.V."]
[SourceDate "2018.05.26"]
[SourceVersion "1"]
[SourceVersionDate "2018.05.26"]
[SourceQuality "1"]
[WhiteTeam "Gardez Robe Berlin"]
[BlackTeam "Europäisches Patentamt Muenchen II"]
[WhiteTeamCountry "GER"]
[BlackTeamCountry "GER"]

1. e4 d5 2. exd5 Nf6 3. Bb5+ Bd7 4. Bc4 Bg4 5. f3 Bf5 6. Nc3 Nbd7 7. g4 Nb6 8.
Bb3 Bc8 9. Nge2 Nbxd5 10. Nxd5 Nxd5 11. Nc3 Nxc3 12. bxc3 e5 13. Qe2 Bd6 14.
Bb2 Qh4+ 15. Qf2 Qxf2+ 16. Kxf2 Bd7 17. d4 O-O-O 18. c4 e4 19. fxe4 Bxg4 20.
Rag1 Bh5 21. Ke3 Rhe8 22. Re1 f5 23. e5 Be7 24. d5 g5 25. e6 f4+ 26. Kd2 Bc5
27. Bf6 Be7 28. Bxe7 Rxe7 29. Re5 h6 30. h4 Bf3 31. Rf1 Bg2 32. Rf2 f3 33. hxg5
hxg5 34. Rxg5 Rh7 35. Ke3 c5 36. Ba4 Kc7 37. Rd2 Kd6 38. c3 Rf8 39. Bd1 Rh1 40.
Rg7 f2 41. Rd7+ Ke5 42. Rxf2 Re1+ 43. Be2 1-0

[Event "XVII. DBMM Schach"]
[Site "Berlin"]
[Date "2017.11.03"]
[Round "4.4"]
[White "Hankow, Bert Juergen"]
[Black "Nehls, Gerhard"]
[Result "1/2-1/2"]
[WhiteElo "2018"]
[BlackElo "1531"]
[Annotator "hm"]
[PlyCount "82"]
[EventDate "2017.??.??"]
[EventType "team-swiss"]
[EventRounds "7"]
[EventCountry "GER"]
[SourceTitle "XVII. DBMM 2017"]
[Source "FV Schach e.V."]
[SourceDate "2018.05.26"]
[SourceVersion "1"]
[SourceVersionDate "2018.05.26"]
[SourceQuality "1"]
[WhiteTeam "Gardez Robe Berlin"]
[BlackTeam "Europäisches Patentamt Muenchen II"]
[WhiteTeamCountry "GER"]
[BlackTeamCountry "GER"]

1. d4 e6 2. e4 d5 3. e5 c5 4. c3 cxd4 5. cxd4 Bb4+ 6. Bd2 Bxd2+ 7. Qxd2 Ne7 8.
Nf3 Nbc6 9. Nc3 Bd7 10. Rc1 a6 11. Bd3 Rc8 12. O-O Nf5 13. Bb1 Nh6 14. Rfe1 f5
15. Ne2 O-O 16. Nf4 Qb6 17. Red1 Rc7 18. Rc3 Rfc8 19. Rdc1 Nd8 20. Nd3 Rxc3 21.
Rxc3 Rxc3 22. Qxc3 Qc6 23. Nc5 Bc8 24. Bd3 Nhf7 25. Nd2 b5 26. Qb4 Nb7 27. Ndb3
Nxc5 28. Qxc5 Qxc5 29. Nxc5 Nd8 30. a3 Nc6 31. Nb3 g5 32. g3 h6 33. f4 Kf7 34.
Kf2 g4 35. Ke3 Ke7 36. Kd2 h5 37. Kc3 Bd7 38. Nc5 Bc8 39. a4 Na7 40. axb5 Nxb5+
41. Bxb5 axb5 1/2-1/2

[Event "XVII. DBMM Schach"]
[Site "Berlin"]
[Date "2017.11.03"]
[Round "4.1"]
[White "Feikes, Joerg"]
[Black "Neander, Swen"]
[Result "1/2-1/2"]
[WhiteElo "1971"]
[BlackElo "2022"]
[Annotator "hm"]
[PlyCount "51"]
[EventDate "2017.??.??"]
[EventType "team-swiss"]
[EventRounds "7"]
[EventCountry "GER"]
[SourceTitle "XVII. DBMM 2017"]
[Source "FV Schach e.V."]
[SourceDate "2018.05.26"]
[SourceVersion "1"]
[SourceVersionDate "2018.05.26"]
[SourceQuality "1"]
[WhiteTeam "BA Tempelhof Berlin II"]
[BlackTeam "SV Rapid Unilever Hamburg"]
[WhiteTeamCountry "GER"]
[BlackTeamCountry "GER"]

1. e4 e6 2. d4 d5 3. Nc3 Bb4 4. e5 c5 5. Qg4 Ne7 6. Nf3 Qc7 7. dxc5 Nbc6 8. Bd2
O-O 9. Bd3 Ng6 10. Bxg6 fxg6 11. O-O Bxc5 12. Rae1 Qf7 13. a3 Qf5 14. Qxf5 gxf5
15. Ne2 a6 16. Bc3 Bd7 17. Rd1 Rfc8 18. Rd2 Rc7 19. Nfd4 Nxd4 20. Bxd4 Be7 21.
h4 h6 22. g3 Rac8 23. c3 Rc4 24. Kh2 Be8 25. Be3 Bd7 26. Re1 1/2-1/2

[Event "XVII. DBMM Schach"]
[Site "Berlin"]
[Date "2017.11.03"]
[Round "4.2"]
[White "Christ, Heyko"]
[Black "Schmidt, Joerg"]
[Result "0-1"]
[WhiteElo "1547"]
[BlackElo "1781"]
[Annotator "hm"]
[PlyCount "66"]
[EventDate "2017.??.??"]
[EventType "team-swiss"]
[EventRounds "7"]
[EventCountry "GER"]
[SourceTitle "XVII. DBMM 2017"]
[Source "FV Schach e.V."]
[SourceDate "2018.05.26"]
[SourceVersion "1"]
[SourceVersionDate "2018.05.26"]
[SourceQuality "1"]
[WhiteTeam "SV Rapid Unilever Hamburg"]
[BlackTeam "BA Tempelhof Berlin II"]
[WhiteTeamCountry "GER"]
[BlackTeamCountry "GER"]

1. d4 Nf6 2. c4 g6 3. Nc3 Bg7 4. e3 O-O 5. Bd3 d6 6. Nge2 e5 7. d5 c6 8. e4 Nh5
9. O-O Na6 10. a3 Nc7 11. Rb1 cxd5 12. cxd5 Bd7 13. Be3 Qe8 14. Qd2 f5 15. exf5
gxf5 16. f3 Nf6 17. Bc4 b5 18. Ba2 Qg6 19. f4 Ng4 20. fxe5 Nxe3 21. Qxe3 Bxe5
22. Nf4 Qf6 23. Kh1 Kh8 24. Rf3 Bd4 25. Qd2 Rae8 26. Nce2 Bb6 27. b4 Re4 28.
Nh5 Qe7 29. Neg3 Re5 30. Qc3 Kg8 31. Qd2 Be3 32. Qe1 f4 33. Ne2 Rxh5 0-1

[Event "XVII. DBMM Schach"]
[Site "Berlin"]
[Date "2017.11.03"]
[Round "4.3"]
[White "Thomas, Andreas"]
[Black "Amini, Mahmood"]
[Result "1-0"]
[WhiteElo "1852"]
[BlackElo "1699"]
[Annotator "hm"]
[PlyCount "103"]
[EventDate "2017.??.??"]
[EventType "team-swiss"]
[EventRounds "7"]
[EventCountry "GER"]
[SourceTitle "XVII. DBMM 2017"]
[Source "FV Schach e.V."]
[SourceDate "2018.05.26"]
[SourceVersion "1"]
[SourceVersionDate "2018.05.26"]
[SourceQuality "1"]
[WhiteTeam "BA Tempelhof Berlin II"]
[BlackTeam "SV Rapid Unilever Hamburg"]
[WhiteTeamCountry "GER"]
[BlackTeamCountry "GER"]

1. e4 e5 2. Nf3 Nc6 3. Bc4 Be7 4. c3 Nf6 5. d3 d6 6. Bb3 O-O 7. Nbd2 Bg4 8. h3
Be6 9. O-O d5 10. Ng5 Bc8 11. Qe2 d4 12. Rd1 h6 13. Ngf3 Be6 14. Ba4 Bd6 15.
Bxc6 bxc6 16. cxd4 Nd7 17. dxe5 Nxe5 18. d4 Ng6 19. Nf1 Re8 20. Ng3 Bd5 21. e5
f6 22. Qd3 Bxf3 23. gxf3 Nxe5 24. dxe5 Rxe5 25. Qc4+ Kh8 26. Bf4 Rd5 27. Bxd6
Qxd6 28. Rxd5 cxd5 29. Qe2 Qd7 30. Qf1 Re8 31. Qd3 c5 32. Rd1 d4 33. Qc4 Re5
34. Rd2 Rd5 35. b4 cxb4 36. Qxb4 d3 37. Qf4 Rd4 38. Qf5 Qd8 39. Ne4 Rd5 40. Qf4
f5 41. Nc3 g5 42. Qc4 Rd4 43. Qe6 Qf8 44. Qe5+ Qg7 45. Qxf5 Rf4 46. Qxd3 h5 47.
Qd8+ Rf8 48. Qd4 Rf6 49. Ne4 Rg6 50. Qd8+ Qg8 51. Qxg8+ Rxg8 52. Nf6 1-0

[Event "XVII. DBMM Schach"]
[Site "Berlin"]
[Date "2017.11.03"]
[Round "4.4"]
[White "Kazemi Sresht, Rahim"]
[Black "Baranowsky, Peter"]
[Result "0-1"]
[WhiteElo "1534"]
[BlackElo "1878"]
[Annotator "hm"]
[PlyCount "94"]
[EventDate "2017.??.??"]
[EventType "team-swiss"]
[EventRounds "7"]
[EventCountry "GER"]
[SourceTitle "XVII. DBMM 2017"]
[Source "FV Schach e.V."]
[SourceDate "2018.05.26"]
[SourceVersion "1"]
[SourceVersionDate "2018.05.26"]
[SourceQuality "1"]
[WhiteTeam "SV Rapid Unilever Hamburg"]
[BlackTeam "BA Tempelhof Berlin II"]
[WhiteTeamCountry "GER"]
[BlackTeamCountry "GER"]

1. e4 d6 2. d4 Nf6 3. Nc3 g6 4. Nf3 Bg7 5. Be2 c6 6. O-O O-O 7. Bg5 Qc7 8. Qd2
e5 9. d5 Nbd7 10. Rfd1 c5 11. h3 a6 12. Bh6 b5 13. Bxg7 Kxg7 14. Qe3 Nb6 15. b3
Nh5 16. Nxe5 f5 17. Qg5 fxe4 18. Ng4 Bxg4 19. Bxg4 h6 20. Qh4 Nf6 21. Be6 g5
22. Qg3 b4 23. Ne2 Nh5 24. Qe3 Nf6 25. Ng3 Rae8 26. h4 Rxe6 27. hxg5 Ng4 28.
gxh6+ Rxh6 29. Nxe4 Qe7 30. Qg5+ Qxg5 31. Nxg5 Rxf2 32. Ne6+ Kg8 33. Rf1 Rhf6
34. Rxf2 Rxf2 35. Nc7 Rd2 36. g3 Nxd5 37. Nxd5 Rxd5 38. Kg2 Ne3+ 39. Kf3 Nxc2
40. Rf1 Rf5+ 41. Ke2 Rxf1 42. Kxf1 d5 43. Ke2 c4 44. Kd2 Nd4 45. bxc4 dxc4 46.
g4 a5 47. Kc1 c3 0-1

[Event "XVII. DBMM Schach"]
[Site "Berlin"]
[Date "2017.11.03"]
[Round "4.1"]
[White "Bladt, Friedhelm"]
[Black "Piotrowski, Roger"]
[Result "0-1"]
[WhiteElo "2018"]
[BlackElo "1756"]
[Annotator "hm"]
[PlyCount "52"]
[EventDate "2017.??.??"]
[EventType "team-swiss"]
[EventRounds "7"]
[EventCountry "GER"]
[SourceTitle "XVII. DBMM 2017"]
[Source "FV Schach e.V."]
[SourceDate "2018.05.26"]
[SourceVersion "1"]
[SourceVersionDate "2018.05.26"]
[SourceQuality "1"]
[WhiteTeam "SG Bayer Berlin"]
[BlackTeam "Telestern Berlin"]
[WhiteTeamCountry "GER"]
[BlackTeamCountry "GER"]

1. e4 c5 2. b3 Nf6 3. e5 Nd5 4. Bb2 a6 5. c4 Nb6 6. Nf3 Nc6 7. Nc3 e6 8. Ne4
Qc7 9. g3 Be7 10. Bg2 O-O 11. O-O Rd8 12. Qe2 d5 13. exd6 Bxd6 14. d4 Nd7 15.
Nxd6 Qxd6 16. dxc5 Qxc5 17. Rfd1 Qe7 18. Nd4 Nxd4 19. Rxd4 Rb8 20. Rad1 Re8 21.
Qd2 Nb6 22. Rd8 Bd7 23. Rxd7 Nxd7 24. Qxd7 Rbd8 25. Qxe7 Rxd1+ 26. Bf1 Rxe7 0-1